| 000 | 00404nam a22001457a 4500 | ||
|---|---|---|---|
| 020 | _a0 471 99735 8 | ||
| 082 |
_a624.18341 _bGIO _cL-19, P-71 |
||
| 100 |
_aGioncu, Victor _943216 |
||
| 245 | _aThin reinforced concrete shells. | ||
| 260 |
_aNew York _bJohn Wiley & Sons. |
||
| 300 |
_aix, 500 p. : _bill. : _c8 Cm |
||
| 526 |
_a0 _b0 _c0 _d624_183410000000000_GIO |
||
| 650 |
_aMCE _9379 |
||
| 942 |
_2ddc _cBK |
||
| 999 |
_c547020 _d547020 |
||